01151ntm a22002297a 450000500170000000800410001704000280005808200170008610000280010324501970013124601640032826000100049230000230050250001820052559000170070765000390072465300230076365500090078694200080079599900170080395201010082020170810124253.0170802s2011 xx a frb 000 0 eng d aEG-ScBUEbengcEG-ScBUE04222a620bNAG1 aNagdy, Mohamed Mahmoud.10aHuman resource challeenges in construction an investigation into the challenges facing human resource management in the Egyptian construction and the management /cby Mchamed Mahmoud El nagdy.3 aHuman resource challenges in construction an investigation into the challenges facing human resource management in the Egyptian construction and the management c2011. av, 60 p. ;c28 cm. aA dissertation submitted to the faculty of engineering. the British university in Egypt, in partial fulfillment of the requirements for the bachelor degree in civil engineering. aBasant mousa 72BUEshaCivil Engineeringvprojects bENGCIVcAugust2017 vSPRO 2ddc c25106d25078 00102ddc4070aMAINbMAINc2NDd2017-08-03l0o620 NAGp000046301r2025-07-15 00:00:00yPROJST